书目信息 |
| 题名: |
一个孤独散步者的遐想
|
|
| 作者: | 卢梭 著 ;巫静 译 | |
| 分册: | ||
| 出版信息: | 长沙 湖南文艺出版社 2010.01 |
|
| 页数: | 190页 | |
| 开本: | 24cm | |
| 丛书名: | 风尚听读图文典藏 | |
| 单 册: | ||
| 中图分类: | I565.64 | |
| 科图分类: | ||
| 主题词: | 随笔--sui bi--法国--近代--作品集 | |
| 电子资源: | ||
| ISBN: | 978-7-5404-4479-2 | |
| 000 | 01120nam 2200277 450 | |
| 001 | 012010909432 | |
| 005 | 20100819165642.20 | |
| 010 | @a978-7-5404-4479-2@dCNY25.00 (含光盘) | |
| 016 | @aCN-S13-09-341-00@b光盘 | |
| 100 | @a20100819d2010 em y0chiy0120 ea | |
| 101 | 1 | @achi@cfre |
| 102 | @aCN@b430000 | |
| 105 | @aa z 000cy | |
| 106 | @ar | |
| 200 | 1 | @a一个孤独散步者的遐想@Ayi ge gu du san bu zhe de xia xiang@f(法) 让-雅克·卢梭著@F(fa)rang-ya ke·lu suo zhu@g巫静译@Gwu jing yi |
| 210 | @a长沙@c湖南文艺出版社@d2010.01 | |
| 215 | @a190页@c彩图@d24cm@e光盘1片 | |
| 225 | 2 | @a风尚听读图文典藏@Afeng shang ting du tu wen dian cang@i睿思系列 |
| 330 | @a本书主要记录了卢梭的一些思想片段,包括《关于自身命运的思考》、《关于真正幸福的思考》、《关于学习与道德的思考》、《关于真话与谎言的思考》、《关于宁静与遐想的思考》等。 | |
| 410 | 0 | @12001 @a风尚听读图文典藏@i睿思系列 |
| 606 | 0 | @a随笔@Asui bi@y法国@z近代@j作品集 |
| 690 | @aI565.64@v4 | |
| 701 | 1 | @a卢梭@Alu suo@g(Rousseau, Jean-Jacques)@4著 |
| 702 | 0 | @a巫静@Awu jing@4译 |
| 801 | 0 | @aCN@bQSSK@c20100819 |
| 905 | @b786759-61@dI565.64@eL791@f3 | |
| 一个孤独散步者的遐想/(法) 让-雅克·卢梭著/巫静译.-长沙:湖南文艺出版社,2010.01 |
| 190页:彩图;24cm+光盘1片.-(风尚听读图文典藏.睿思系列) |
| ISBN 978-7-5404-4479-2:CNY25.00 (含光盘) |
| 本书主要记录了卢梭的一些思想片段,包括《关于自身命运的思考》、《关于真正幸福的思考》、《关于学习与道德的思考》、《关于真话与谎言的思考》、《关于宁静与遐想的思考》等。 |
| ● |
| 相关链接 |
|
|
|
正题名:一个孤独散步者的遐想
索取号:I565.64/L791
 
预约/预借
| 序号 | 登录号 | 条形码 | 馆藏地/架位号 | 状态 | 备注 |
| 1 | 786759 | 207867593 | 社科二线422/422社科库 28排3列4层/ [索取号:I565.64/L791] | 在馆 | |
| 2 | 786760 | 207867600 | 文学库116/116文学库 24排5列6层/ [索取号:I565.64/L791] | 在馆 | |
| 3 | 786761 | 207867619 | 文学库116/116文学库 24排5列6层/ [索取号:I565.64/L791] | 在馆 |